[Event "Dhaka Chowdhury Memorial op-B 2nd"]
[Site "Dhaka"]
[Date "2022.07.06"]
[Round "6"]
[White "Mullick, Anisujjaman"]
[Black "Mohammed, Shaker Ullah"]
[Result "0-1"]
[WhiteElo "1798"]
[BlackElo "1870"]
[PlyCount "39"]
[EventDate "2022.07.02"]
[EventType "swiss"]
[EventRounds "9"]
[EventCountry "BAN"]
[SourceTitle "EXT 2023"]
[Source "ChessBase"]
[SourceDate "2022.10.05"]
[SourceVersion "1"]
[SourceVersionDate "2022.10.05"]
[SourceQuality "1"]

1. d4 d5 2. Bf4 c5 3. dxc5 Nc6 4. Nf3 e6 5. e4 Bxc5 6. exd5 exd5 7. Bd3 Nge7 8. 0-0 0-0 9. c3 Bf5 10. Bxf5 Nxf5 11. Qd3 Qd7 12. Nbd2 Rad8 13. Nb3 Bb6 14. Rad1 Nfe7 15. Rd2 Ng6 16. Bg3 f6 17. Rfd1 Qf7 18. Qf5 Nce7 19. Qd3 Rd7 20. Qb5 0-1

[Event "Dhaka Walton op 07"]
[Site "Dhaka"]
[Date "2018.07.11"]
[Round "8"]
[White "Jabed, Al Azad"]
[Black "Mullick, Anisujjaman"]
[Result "1-0"]
[WhiteElo "1946"]
[BlackElo "1899"]
[PlyCount "75"]
[EventDate "2018.07.04"]
[EventType "swiss"]
[EventRounds "9"]
[EventCountry "BAN"]
[SourceTitle "EXT 2019"]
[Source "ChessBase"]
[SourceDate "2018.10.10"]
[SourceVersion "1"]
[SourceVersionDate "2018.10.10"]
[SourceQuality "1"]

1. d4 Nf6 2. c4 e6 3. a3 c5 4. d5 b5 5. Nc3 bxc4 6. e4 d6 7. Bxc4 e5 8. Nge2 Be7 9. 0-0 0-0 10. h3 Nbd7 11. Ng3 Nb6 12. Bb5 Rb8 13. Qe2 Ne8 14. a4 Nc7 15. Bc6 a6 16. a5 Nba8 17. Re1 Bg5 18. Qc2 g6 19. Rf1 Bf4 20. Nge2 Bxc1 21. Qxc1 Qh4 22. f4 f6 23. fxe5 fxe5 24. Rxf8+ Kxf8 25. Qd2 Kg7 26. Rf1 Qe7 27. Ng3 h6 28. Qf2 Nb5 29. Bxb5 axb5 30. Nd1 Nc7 31. Ne3 Bd7 32. Ng4 Bxg4 33. hxg4 Rf8 34. Qe2 Rxf1+ 35. Nxf1 Qe8 36. Qd2 Na6 37. g5 h5 38. Qe2 1-0

[Event "Dhaka Walton op 07"]
[Site "Dhaka"]
[Date "2018.07.07"]
[Round "4"]
[White "Zia, Tahsin Tajwar"]
[Black "Mullick, Anisujjaman"]
[Result "1-0"]
[WhiteElo "1758"]
[BlackElo "1899"]
[PlyCount "121"]
[EventDate "2018.07.04"]
[EventType "swiss"]
[EventRounds "9"]
[EventCountry "BAN"]
[SourceTitle "EXT 2019"]
[Source "ChessBase"]
[SourceDate "2018.10.10"]
[SourceVersion "1"]
[SourceVersionDate "2018.10.10"]
[SourceQuality "1"]

1. Nf3 Nf6 2. g3 d6 3. Bg2 c6 4. 0-0 Bg4 5. d3 e5 6. c4 Nbd7 7. Nc3 Be7 8. Rb1 Qc7 9. Nd2 g5 10. b4 h6 11. b5 Nc5 12. Ba3 Bd7 13. Bxc5 dxc5 14. Qb3 0-0 15. bxc6 bxc6 16. Qc2 Rab8 17. Nb3 Be6 18. Rb2 Rb4 19. Rfb1 Rfb8 20. a3 R4b7 21. Nd2 Rxb2 22. Rxb2 Rxb2 23. Qxb2 Bd7 24. Nb3 Be6 25. Na4 Nd7 26. Qc3 Qb7 27. h3 Qa6 28. Qa5 Qxa5 29. Nxa5 Nb8 30. Nb3 Na6 31. Bxc6 Bxh3 32. Bb5 Nc7 33. Naxc5 a6 34. Bc6 Ne6 35. Nxe6 Bxe6 36. Bb7 Bxa3 37. Bxa6 Bb4 38. Bb5 Kf8 39. Na1 Bg4 40. Nc2 Bc5 41. Kf1 h5 42. Bc6 Ke7 43. Ke1 Be6 44. e3 Bb6 45. Bb5 Ba5+ 46. Ke2 f5 47. d4 e4 48. d5 Bc8 49. c5 f4 50. exf4 gxf4 51. Nd4 f3+ 52. Ke3 Be1 53. d6+ Kd8 54. Nc6+ Kd7 55. Ne5+ Ke6 56. d7 Bxd7 57. Nxd7 Kd5 58. c6 Ba5 59. Nf6+ Kc5 60. Ba4 Kb4 61. Bc2 1-0

[Event "Dhaka Walton op"]
[Site "Dhaka"]
[Date "2018.05.28"]
[Round "3"]
[White "Subrota, Biswas"]
[Black "Mullick, Anisujjaman"]
[Result "1-0"]
[WhiteElo "2149"]
[BlackElo "1917"]
[PlyCount "77"]
[EventDate "2018.05.26"]
[EventType "swiss"]
[EventRounds "9"]
[EventCountry "BAN"]
[SourceTitle "CBM 184 Extra"]
[Source "ChessBase"]
[SourceDate "2018.06.28"]
[SourceVersion "1"]
[SourceVersionDate "2018.06.28"]
[SourceQuality "1"]

1. Nc3 c5 2. e4 g6 3. d4 Bg7 4. Nf3 cxd4 5. Nxd4 Nc6 6. Be3 d6 7. f3 Nxd4 8. Bxd4 Nf6 9. Nd5 e5 10. Nxf6+ Bxf6 11. Be3 0-0 12. Qd2 Be6 13. 0-0-0 Be7 14. g4 f6 15. h4 Qc7 16. Kb1 Rfd8 17. c4 Rdc8 18. Rc1 Qd7 19. Bd3 a6 20. b3 Kg7 21. g5 f5 22. exf5 Bxf5 23. Rc2 Rf8 24. Be4 Bxe4 25. fxe4 Qe6 26. Qg2 Qd7 27. h5 Qe6 28. hxg6 hxg6 29. Rh6 Rh8 30. Qh1 Rag8 31. Qh4 Rxh6 32. Qxh6+ Kf7 33. Qh7+ Ke8 34. c5 Rf8 35. cxd6 Qxd6 36. Qh3 Qd1+ 37. Kb2 Ba3+ 38. Kxa3 Qxc2 39. Qe6+ 1-0

[Event "BAN-chT"]
[Site "Dhaka"]
[Date "2016.12.01"]
[Round "9.2"]
[White "Mohammad Fahad, Rahman"]
[Black "Mullick, Anisujjaman"]
[Result "1-0"]
[WhiteElo "2134"]
[BlackElo "1934"]
[PlyCount "49"]
[EventDate "2016.11.23"]
[EventType "team-tourn"]
[EventRounds "9"]
[EventCountry "BAN"]
[SourceTitle "EXT 2018"]
[Source "ChessBase"]
[SourceDate "2017.10.13"]
[SourceVersion "1"]
[SourceVersionDate "2017.10.13"]
[SourceQuality "1"]
[WhiteTeam "Access"]
[BlackTeam "Mohakhali Pradip Sangah"]
[WhiteTeamCountry "BAN"]
[BlackTeamCountry "BAN"]

1. c4 e5 2. g3 d6 3. Bg2 Nc6 4. Nc3 Be6 5. d3 Nge7 6. Nd5 Qd7 7. e3 Nd8 8. Ne2 c6 9. Nxe7 Bxe7 10. 0-0 Bh3 11. d4 Bxg2 12. Kxg2 h5 13. h3 f5 14. dxe5 dxe5 15. Qxd7+ Kxd7 16. Bd2 Bf6 17. Rad1 Kc7 18. e4 fxe4 19. Nc3 Ne6 20. Nxe4 Rad8 21. Bb4 Nd4 22. Nxf6 gxf6 23. Be7 Rd7 24. Bxf6 Re8 25. Rfe1 1-0

[Event "BAN-chT"]
[Site "Dhaka"]
[Date "2016.11.30"]
[Round "8.1"]
[White "Khan, Moniruzzaman"]
[Black "Mullick, Anisujjaman"]
[Result "1/2-1/2"]
[WhiteElo "2003"]
[BlackElo "1934"]
[PlyCount "97"]
[EventDate "2016.11.23"]
[EventType "team-tourn"]
[EventRounds "9"]
[EventCountry "BAN"]
[SourceTitle "EXT 2018"]
[Source "ChessBase"]
[SourceDate "2017.10.13"]
[SourceVersion "1"]
[SourceVersionDate "2017.10.13"]
[SourceQuality "1"]
[WhiteTeam "Agrani Bank Daba Dal"]
[BlackTeam "Mohakhali Pradip Sangah"]
[WhiteTeamCountry "BAN"]
[BlackTeamCountry "BAN"]

1. Nf3 d6 2. e4 Bg4 3. h3 Bh5 4. d4 e6 5. c3 Be7 6. Be2 Nf6 7. e5 Nfd7 8. Bf4 d5 9. Nbd2 c5 10. 0-0 Nc6 11. Be3 0-0 12. Ne1 Bg6 13. Ndf3 cxd4 14. cxd4 Qb6 15. Nd3 Rfc8 16. Qb3 Qxb3 17. axb3 Nb4 18. Nxb4 Bxb4 19. Rfc1 a5 20. Bd1 Nb6 21. Bd2 Rxc1 22. Rxc1 Rc8 23. Rxc8+ Nxc8 24. Be3 Ne7 25. g4 Nc6 26. Nh4 Be4 27. f3 Bd3 28. Ng2 Kf8 29. Kf2 Ke8 30. Nf4 Bg6 31. h4 Bb1 32. Ke2 Be7 33. Ng2 Nb4 34. Bd2 Bd3+ 35. Kf2 Kd7 36. g5 Nc6 37. Be3 Bb4 38. Nf4 Bg6 39. h5 Bf5 40. Ne2 Be7 41. Nc1 Bd8 42. Be2 Nb4 43. f4 Kc6 44. Bd1 Bb6 45. Ke1 Kc7 46. Kd2 Ba7 47. Be2 Nc6 48. Kc3 Be4 49. Bd3 1/2-1/2

[Event "BAN-chT"]
[Site "Dhaka"]
[Date "2016.11.25"]
[Round "3.2"]
[White "Mullick, Anisujjaman"]
[Black "Masum, Hossain"]
[Result "1/2-1/2"]
[WhiteElo "1934"]
[BlackElo "2104"]
[PlyCount "92"]
[EventDate "2016.11.23"]
[EventType "team-tourn"]
[EventRounds "9"]
[EventCountry "BAN"]
[SourceTitle "EXT 2018"]
[Source "ChessBase"]
[SourceDate "2017.10.13"]
[SourceVersion "1"]
[SourceVersionDate "2017.10.13"]
[SourceQuality "1"]
[WhiteTeam "Mohakhali Pradip Sangah"]
[BlackTeam "Sheikh Russel"]
[WhiteTeamCountry "BAN"]
[BlackTeamCountry "BAN"]

1. e4 c5 2. Nc3 Nc6 3. f4 e6 4. Nf3 d5 5. Bb5 d4 6. Bxc6+ bxc6 7. Nb1 Nf6 8. d3 Be7 9. b3 Ng4 10. Qe2 f5 11. e5 0-0 12. 0-0 Bd7 13. h3 Nh6 14. Bd2 Be8 15. Ng5 Bxg5 16. fxg5 Nf7 17. h4 Nh8 18. Bf4 Bf7 19. Nd2 Qe8 20. g3 Bh5 21. Qh2 Ng6 22. Nc4 Ne7 23. Nd6 Qd7 24. Qd2 a5 25. a4 Nd5 26. Rae1 Rfb8 27. Qf2 Bg4 28. Qh2 g6 29. Bd2 Kg7 30. Rf2 Nb6 31. Qg2 Nd5 32. Qh1 Qc7 33. Rh2 Bh5 34. Rf2 Rd8 35. Nc4 Bg4 36. Rh2 Kh8 37. Bf4 Kg8 38. Bd2 Rd7 39. Rf2 Rf7 40. Nd6 Rd7 41. Nc4 Rf7 42. Qh2 Bh5 43. Nd6 Rd7 44. Nc4 Re7 45. Bc1 Rf7 46. Nd6 Rd7 1/2-1/2

[Event "BAN-chT"]
[Site "Dhaka"]
[Date "2016.11.24"]
[Round "2.1"]
[White "Mullick, Anisujjaman"]
[Black "Mohammad, Hasan"]
[Result "1-0"]
[WhiteElo "1934"]
[BlackElo "1841"]
[PlyCount "73"]
[EventDate "2016.11.23"]
[EventType "team-tourn"]
[EventRounds "9"]
[EventCountry "BAN"]
[SourceTitle "EXT 2018"]
[Source "ChessBase"]
[SourceDate "2017.10.13"]
[SourceVersion "1"]
[SourceVersionDate "2017.10.13"]
[SourceQuality "1"]
[WhiteTeam "Mohakhali Pradip Sangah"]
[BlackTeam "Kasparov CC"]
[WhiteTeamCountry "BAN"]
[BlackTeamCountry "BAN"]

1. e4 c5 2. Nc3 d6 3. f4 Nf6 4. Nf3 a6 5. d4 Qc7 6. a4 Nc6 7. d5 Na7 8. a5 e5 9. fxe5 dxe5 10. Bc4 Bd6 11. 0-0 h6 12. Bd2 Bg4 13. Qe1 Nc8 14. Na4 Ne7 15. Nb6 Rd8 16. Nh4 Nh7 17. Qg3 g5 18. Qxg4 gxh4 19. Qg7 Ng6 20. Qxh6 Bf8 21. Qe3 Rd6 22. Rf5 Bg7 23. Raf1 Rf8 24. Bb3 Nf4 25. Ba4+ Kd8 26. Qf2 Rg6 27. Bxf4 exf4 28. Qxf4 Qxf4 29. R1xf4 Bd4+ 30. Kf1 Rfg8 31. Rxf7 Rxg2 32. Rd7+ Ke8 33. Rxb7+ Kd8 34. Rd7+ Ke8 35. Rxh7+ Kd8 36. Rd7+ Ke8 37. Rg7+ 1-0

[Event "BAN-chB 42nd"]
[Site "Dhaka"]
[Date "2016.10.22"]
[Round "3"]
[White "Mullick, Anisujjaman"]
[Black "Hossain, Delwar"]
[Result "0-1"]
[WhiteElo "1934"]
[BlackElo "2125"]
[PlyCount "98"]
[EventDate "2016.10.20"]
[EventType "swiss"]
[EventRounds "11"]
[EventCountry "BAN"]
[SourceTitle "CBM 175 Extra"]
[Source "ChessBase"]
[SourceDate "2016.12.12"]
[SourceVersion "1"]
[SourceVersionDate "2016.12.12"]
[SourceQuality "1"]

1. e4 d5 2. e5 c5 3. c3 d4 4. Nf3 Nc6 5. Bc4 e6 6. 0-0 a6 7. a4 Nge7 8. Re1 Ng6 9. d3 Rb8 10. Bd2 b6 11. cxd4 Nxd4 12. Nxd4 Qxd4 13. Na3 Be7 14. Nc2 Qd8 15. Qe2 0-0 16. d4 a5 17. Bc3 Bb7 18. g3 Qc7 19. Bd3 Rfd8 20. Be4 Bd5 21. Bxd5 Rxd5 22. Ne3 Rd7 23. dxc5 Bxc5 24. Ng2 Rbd8 25. h4 Rd3 26. Kh2 Ne7 27. Nf4 R3d7 28. Nh5 Nf5 29. Qf3 Bf8 30. Nf4 Qb7 31. Kg2 g6 32. Qxb7 Rxb7 33. Rad1 Rbd7 34. Rxd7 Rxd7 35. Kh3 Bc5 36. h5 g5 37. Ne2 h6 38. Rf1 Kf8 39. g4 Ne7 40. Ng3 Nd5 41. Ne4 Be7 42. Rd1 Ke8 43. Rd4 Rc7 44. Bd2 f6 45. exf6 Nxf6 46. f3 Nd7 47. Rxd7 Kxd7 48. Bc3 Ke8 49. Bg7 Bf8 0-1